MARC

LEADER 00000nam a2200000Ia 4500
001 21581
008 160829s1998 xx 000 0 cat d
080 |a FU-40-92 
110 |a Parc del Montnegre i el Corredor (Catalunya)  |9 10204 
245 |a Naturpark Montnegre i el Corredor 
250 |a Deutsche ausg. 
260 |a Barcelona :  |b Diputació de Barcelona. Servei de Parcs Naturals,  |c 1998 
300 |a 1 f. plegat en 6 parts :  |b  il. col. ;  |c 22 cm pleg., 44 x 33 cm despleg. 
590 |a Conté un mapa del parc, amb informació general.  
590 |a Hi ha un altre exemplar en anglès amb R. 21580 
610 0 |a Parc del Montnegre i el Corredor (Catalunya)  |v Guies  |9 52679 
710 |a Barcelona (Catalunya : Província).  |b Servei de Parcs Naturals  |9 53492 
901 |a Arxiu 
942 |n 1 
952 |0 0  |1 0  |4 0  |6 FU4092  |7 1  |9 52727  |a Arxiu  |b Arxiu  |d 2016-12-01  |l 0  |o FU-40-92  |p 21581  |r 2016-12-01 00:00:00  |w 2016-12-01  |y ARXIU 
999 |c 56576  |d 56576